All Countries by Independence Year - Statistics

General Stats
  • This quiz has been taken 2,391 times
    923 since last reset
  • The average score is 75 of 197
Answers on the Map
Answers color-coded by a green-red scale on the quiz's map according to % correct below.
 
Answer Stats
Year Hint Country % Correct
660 BC Forming of the Imperial Dynasty Japan
85%
987 Treaty of Verdun France
72%
301 Independence from the Roman Empire San Marino
72%
1776 Independence from the UK United States
70%
2011 Independence from Sudan South Sudan
68%
1238 Independence from the Khmer Empire Thailand
68%
2008 Independence from Serbia Kosovo
67%
1993 Independence from Slovakia Czech Republic
66%
2002 Independence from Indonesia East Timor
66%
1993 Independence from Czechia Slovakia
66%
2006 Independence from the Union with Serbia Montenegro
65%
2006 Independence from the Union with Montenegro Serbia
64%
1278 Independence from the Crown of Aragon Andorra
63%
1523 Election of King Gustav Vasa Sweden
63%
1717 Founding of a united parliament United Kingdom
63%
1992 Independence from Yugoslavia Bosnia and Herzegovina
62%
1991 Independence from Ethiopia Eritrea
62%
1991 Independence from Yugoslavia Croatia
60%
1516 Introduction of the Habsburg monarchy Spain
60%
1814 Independence from Denmark Norway
59%
1903 Independence from Colombia Panama
59%
1990 Independence from South Africa Namibia
58%
1991 Independence from Yugoslavia Slovenia
58%
1991 Independence from the Soviet Union Estonia
57%
1804 Independence from France Haiti
57%
1991 Independence from Yugoslavia North Macedonia
57%
1640 Independence from the Spanish Empire Portugal
57%
1825 Independence from the Empire of Brazil Uruguay
57%
1990 Unification Germany
56%
1990 Independence from the Soviet Union Latvia
56%
1990 Independence from the Soviet Union Lithuania
56%
1918 Independence from the Russian Empire, German Empire and Austria-Hungary Poland
56%
1991 Independence from the Soviet Union Uzbekistan
56%
1991 Independence from the Soviet Union Armenia
55%
1991 Independence from the Soviet Union Azerbaijan
55%
1991 Independence from the Soviet Union Belarus
55%
1822 Indepence from the Portuguese Empire Brazil
55%
1991 Independence from the Soviet Union Georgia
55%
1918 Independence from Austria-Hungary Hungary
55%
1991 Independence from the Soviet Union Kazakhstan
55%
1991 Independence from the Soviet Union Turkmenistan
55%
1991 Independence from the Soviet Union Ukraine
55%
1911 Independence from China Mongolia
54%
1965 Independence from Malaysia Singapore
54%
1991 Independence from the Soviet Union Tajikistan
54%
1944 Independence from Denmark Iceland
53%
1991 Independence from the Soviet Union Kyrgyzstan
53%
1945 Liberation from Japan South Korea
53%
1648 Independence from the Holy Roman Empire Switzerland
53%
1971 Independence from Pakistan Bangladesh
52%
1917 Independence from the Russian Empire Finland
52%
1991 Independence from the Soviet Union Moldova
52%
1945 Liberation from Japan North Korea
52%
1581 Independence from the Spanish Empire Netherlands
51%
1547 Foundation of the Empire Russia
51%
1831 Independence from the Netherlands Belgium
50%
1861 Unification Italy
50%
1810 Independence from the Spanish Empire Mexico
50%
1901 Federation and Constitution (under Commonwealth) Australia
49%
~800 Consolidation/First Naming Denmark
49%
1821 Independence from the Ottoman Empire Greece
49%
1945 Independence from the Netherlands Indonesia
49%
1810 Independence from the Spanish Empire Chile
48%
1810 Independence from the Spanish Empire Colombia
48%
1942 Liberation from Italy Ethiopia
48%
1816 Independence from the Spanish Empire Argentina
47%
1867 Independence from the UK Canada
47%
1960 Independence from Belgium Democratic Republic of the Congo
47%
1923 Abolishment of the Sultanate and Formation Turkey
47%
1929 Independence from Italy Vatican City
47%
1156 Foundation of the Duchy Austria
46%
1809 Independence from the Spanish Empire Ecuador
46%
1979 Revolution Iran
46%
1921 Independence from the UK Ireland
46%
1975 Independence from the Netherlands Suriname
46%
1811 Independence from the Spanish Empire Venezuela
46%
1825 Independence from the Spanish Empire Bolivia
45%
1947 Independence from the UK India
45%
1821 Independence from the Spanish Empire Peru
45%
1962 Independence from New Zealand Samoa
45%
1994 Independence from the US Palau
44%
1811 Independence from the Spanish Empire Paraguay
44%
1975 Independence from Portugal Angola
43%
1908 Independence from the Ottoman Empire Bulgaria
43%
1821 Independence from the Spanish Empire Costa Rica
43%
1975 Independence from Australia Papua New Guinea
43%
1821 Independence from the Spanish Empire Honduras
42%
1821 Independence from the Spanish Empire Nicaragua
42%
1947 Independence from the UK Pakistan
42%
1912 Establishment of the Republic Taiwan
42%
1821 Independence from the Spanish Empire El Salvador
41%
1821 Independence from the Spanish Empire Guatemala
41%
1975 Independence from Portugal Mozambique
41%
1946 Independence from the US Philippines
41%
1877 Independence from the Ottoman Empire Romania
41%
1912 Independence from the Ottoman Empire Albania
40%
1886 Independence from the German Confederation Liechtenstein
40%
1944 Independence from France and Spain Morocco
40%
1856 First Own Government and Prime Minister (under Commonwealth) New Zealand
40%
1865 Independence from the Spanish Empire Dominican Republic
38%
1948 Independence from the UK Israel
38%
1951 Independence from the UK, Italy and France Libya
38%
1988 Declaration of Independence Palestine
38%
1868 Independence from the Spanish Empire Cuba
37%
1975 Independence from Portugal Cape Verde
36%
1847 Independence from the US Liberia
36%
1962 Independence from Belgium Rwanda
36%
1975 Independence from Portugal São Tomé and Príncipe
36%
1962 Independence from France Algeria
35%
1962 Independence from Belgium Burundi
35%
1949 Proclamation of the State China
35%
1815 Independence from the French Empire Luxembourg
35%
1945 Independence from France Vietnam
34%
1968 Independence from Spain Equatorial Guinea
33%
1975 Independence from Portugal Guinea-Bissau
33%
1986 Independence from the US Micronesia
33%
1946 Independence from France Syria
30%
1932 Independence from the UK Iraq
29%
1979 Independence from the US Marshall Islands
29%
1931 Independence from the UK South Africa
29%
1953 Independence from France Cambodia
28%
1952 Independence from the UK Egypt
28%
1943 Independence from France Lebanon
28%
1960 Independence from France Mali
28%
1948 Independence from the UK Myanmar
28%
1932 Unification Saudi Arabia
28%
1948 Independence from the UK Sri Lanka
28%
1956 Independence from France Tunisia
28%
1919 Independence from the UK Afghanistan
27%
1960 Independence from France Chad
27%
1946 Independence from the UK Jordan
27%
1953 Independence from France Laos
27%
1960 Independence from France Senegal
27%
1960 Independence from France Niger
26%
1960 Independence from the UK Nigeria
26%
1907 Establishment of the monarchy Bhutan
25%
1960 Independence from France Central African Republic
25%
1957 Independence from the UK Ghana
25%
1960 Independence from France Mauritania
25%
1960 Independence from France Benin
24%
1960 Independence from France Burkina Faso
24%
1960 Independence from France Cameroon
24%
1960 Independence from France Ivory Coast
24%
1768 Unification Nepal
24%
1960 Independence from France Republic of the Congo
24%
1956 Independence from the UK Sudan
24%
1958 Independence from France Guinea
23%
1957 Independence from the UK Malaysia
23%
1650 Independence from the Portuguese Empire Oman
23%
1960 Independence from France Togo
23%
1960 Independence from France Gabon
22%
1963 Independence from the UK Kenya
21%
1960 Independence from France Madagascar
21%
1861 Sovereignty Monaco
21%
1981 Independence from the UK Belize
20%
1960 Independence from the UK Cyprus
20%
1980 Independence from the UK Zimbabwe
20%
1981 Independence from the UK Antigua and Barbuda
19%
1966 Independence from the UK Guyana
19%
1962 Independence from the UK Jamaica
19%
1983 Independence from the UK Saint Kitts and Nevis
19%
1960 Independence from the UK Somalia
19%
1961 Independence from the UK Tanzania
19%
1962 Independence from the UK Uganda
19%
1964 Independence from the UK Zambia
19%
1966 Independence from the UK Botswana
18%
1977 Independence from France Djibouti
18%
1979 Independence from the UK Kiribati
18%
1979 Independence from the UK Saint Lucia
18%
1979 Independence from the UK Saint Vincent and the Grenadines
18%
1961 Independence from the UK Sierra Leone
18%
1971 Independence from the UK United Arab Emirates
18%
1973 Independence from the UK Bahamas
17%
1975 Independence from France Comoros
17%
1964 Independence from the UK Malawi
17%
1964 Independence from the UK Malta
17%
1971 Independence from the UK Qatar
17%
1971 Independence from the UK Bahrain
16%
1961 Independence from the UK Kuwait
16%
1978 Independence from the UK Tuvalu
16%
1966 Independence from the UK Barbados
15%
1978 Independence from the UK Dominica
15%
1970 Independence from the UK Fiji
15%
1974 Independence from the UK Grenada
15%
1978 Independence from the UK Solomon Islands
15%
1970 Independence from the UK Tonga
15%
1962 Independence from the UK Trinidad and Tobago
15%
1967 Independence from the UK Yemen
15%
1984 Independence from the UK Brunei
14%
1968 Independence from the UK Eswatini
14%
1966 Independence from the UK Lesotho
14%
1965 Independence from the UK Maldives
14%
1976 Independence from the UK Seychelles
14%
1980 Independence from the UK Vanuatu
14%
1965 Independence from the UK Gambia
13%
1968 Independence from the UK Mauritius
13%
1968 Independence from the UK Nauru
13%
No matching quizzes found
Score Distribution
Percent of People with Each Score
Percentile by Number Answered
Your Score History
You have not taken this quiz since the last reset